| 000 | 00942nam a2200229 a 4500 | ||
|---|---|---|---|
| 001 | 41322 | ||
| 003 | BD-RjUL | ||
| 005 | 20211209053351.0 | ||
| 008 | 160528s1979 ii a|||| b||| 00| 0dben d | ||
| 020 | _c: Tk. 25.00 | ||
| 035 | _a(BD-RjUL) 41439 | ||
| 040 |
_aBD-RjUL _bben _cBD-RjUL |
||
| 041 | _aben | ||
| 082 |
_223 _a891.4409 _bMIL 1979 |
||
| 100 | 1 |
_aমিত্র, শ্রীসনৎকুমার _9123320 |
|
| 245 | 1 | 0 |
_aলালন ফকির : _bকবি ও কাব্য / _cশ্রীসনৎকুমার মিত্র |
| 260 |
_aকলিকাতা : _bপুস্তক বিপণি, _c১৯৭৯ (১৩৮৬) |
||
| 300 |
_a[১১], ২৯১ পৃ. : _bচিত্র ; _c২১ সেমি. |
||
| 650 |
_aবাংলা সাহিত্য _xইতিহাস ও সমালোচনা _9127098 |
||
| 650 |
_aBengali Literature _xHistory and Criticism _9117020 |
||
| 942 |
_2ddc _cBK |
||
| 999 |
_c41322 _d41322 |
||